Normal view
MARC view
- قانون الشركات
Entry Topical Term
001 - CONTROL NUMBER
- control field: 45880
003 - CONTROL NUMBER IDENTIFIER
- control field: JO-AjAnu
005 - DATE AND TIME OF LATEST TRANSACTION
- control field: 20230606081603.0
008 - FIXED-LENGTH DATA ELEMENTS
- fixed length control field: 230606|| aca||aabn | a|a d
040 ## - CATALOGING SOURCE
- Original cataloging agency: JO-AjAnu
- Transcribing agency: JO-AjAnu
150 ## - HEADING--TOPICAL TERM
- Topical term or geographic name entry element: قانون الشركات
670 ## - SOURCE DATA FOUND
- Source citation: Work cat.: (JO-AjAnu)23487: اعداد المكتب الفني بادارة ابراهيم ابو رحمة , author 45879, قانون الشركات : قانون مؤقت رقم 1 لسنة 1989